书目信息 |
| 题名: |
材料科学基础
|
|
| 作者: | 石德珂 , 沈莲 编 | |
| 分册: | ||
| 出版信息: | 西安 西安交通大学出版社 1995.11 |
|
| 页数: | 320页 | |
| 开本: | 32开 | |
| 丛书名: | ||
| 单 册: | ||
| 中图分类: | TB3 | |
| 科图分类: | ||
| 主题词: | 工程材料 | |
| 电子资源: | ||
| ISBN: | 7-5605-0803-0 | |
| 000 | 00573nam0 2200205 45 | |
| 001 | 0008051640 | |
| 005 | 20000805162423.4 | |
| 010 | @a7-5605-0803-0@d18.00元 | |
| 100 | @a20000805d1995 km y0chiy0120 ea | |
| 101 | 0 | @achi |
| 105 | @a z 000yy | |
| 200 | 1 | @a材料科学基础@ACai Liao Ke Xue Ji Chu@f石德珂,沈莲编@FShi De Ke,Shen Lian Bian |
| 210 | @a西安@c西安交通大学出版社@d1995.11 | |
| 215 | @a320页@d32开 | |
| 606 | 0 | @a工程材料 |
| 690 | @aTB3@v3 | |
| 701 | 0 | @a石德珂@4编 |
| 701 | 0 | @a沈莲@4编 |
| 801 | @aCN@bPftUser@c20000805 | |
| 905 | @b90246-250@dTB3@eSH368@f5 | |
| 材料科学基础/石德珂,沈莲编.-西安:西安交通大学出版社,1995.11 |
| 320页;32开 |
| ISBN 7-5605-0803-0:18.00元 |
| ● |
| 相关链接 |
|
|
|
正题名:材料科学基础
索取号:TB3/SH368
 
预约/预借
| 序号 | 登录号 | 条形码 | 馆藏地/架位号 | 状态 | 备注 |
| 1 | 90246 | 200902461 | 自科库501/201建筑库 7排1列5层/ [索取号:TB3/SH368] | 在馆 | |
| 2 | 90247 | 200902470 | 自科二线400A/201建筑库 7排1列5层/ [索取号:TB3/SH368] | 在馆 | |
| 3 | 90248 | 200902489 | 自科库501/201建筑库 7排1列5层/ [索取号:TB3/SH368] | 在馆 | |
| 4 | 90249 | 200902498 | 自科库501/501自科库 8排4列5层/ [索取号:TB3/SH368] | 在馆 | |
| 5 | 90250 | 200902504 | 自科库501/501自科库 8排4列5层/ [索取号:TB3/SH368] | 在馆 |